[Event "Col Ch "]
[Site "Ibague "]
[Date "2013.07.03"]
[Round "4.41"]
[White "Soto, Christian Camilo"]
[Black "Corpus Vanegas, Jair Samir"]
[Result "1-0"]
[WhiteElo "2079"]
[BlackElo "1881"]
[PlyCount "77"]
[EventDate "2013.07.01"]
[EventType "swiss"]
[EventRounds "11"]
[EventCountry "COL"]
[SourceDate "2005.09.12"]

1. c4 e5 2. Nc3 Nf6 3. g3 c6 4. d4 exd4 5. Qxd4 d5 6. Bg5 dxc4 7. Qxd8+ Kxd8 8.
e4 Ke8 9. Bxf6 gxf6 10. Bxc4 Be6 11. Be2 Bb4 12. Nf3 Nd7 13. Nd4 Ke7 14. f4 Nc5
15. e5 fxe5 16. fxe5 Ne4 17. Rc1 Bxc3+ 18. bxc3 Bxa2 19. Bf3 Nc5 20. O-O Be6
21. Bh5 Nd3 22. Nxe6 Nxc1 23. Nc5 Ne2+ 24. Bxe2 b6 25. Ne4 Ke6 26. Ng5+ Kxe5
27. Nxf7+ Kd5 28. Nxh8 Rxh8 29. Rf7 a5 30. Bf3+ Kc4 31. Bxc6 Kxc3 32. Rb7 h5
33. Rxb6 Rh6 34. Ra6 a4 35. Kg2 Kb2 36. Rxa4 Rxc6 37. Ra5 Rh6 38. Kh3 Rh8 39.
Kh4 1-0

[Event "Col Ch "]
[Site "Ibague "]
[Date "2013.07.03"]
[Round "4.42"]
[White "Ardila, Oscar Humberto"]
[Black "Castaneda, Victor"]
[Result "1-0"]
[WhiteElo "2077"]
[BlackElo "1876"]
[PlyCount "95"]
[EventDate "2013.07.01"]
[EventType "swiss"]
[EventRounds "11"]
[EventCountry "COL"]
[SourceDate "2005.09.12"]

1. e4 c6 2. d4 d5 3. exd5 cxd5 4. Bd3 Nf6 5. h3 Nc6 6. c3 g6 7. Qe2 Bg7 8. Nf3
Qc7 9. Bg5 O-O 10. O-O h6 11. Bh4 Nh5 12. Qd1 Bd7 13. Na3 a6 14. Re1 Rae8 15.
Nc2 f5 16. Ne3 e6 17. Nf1 Bc8 18. Bg3 Nxg3 19. Nxg3 Bf6 20. Qd2 Kg7 21. Rad1
Qd6 22. Bb1 Bd7 23. Ne2 Re7 24. Nf4 Be8 25. Nd3 g5 26. Nfe5 Bg6 27. Qe2 Bxe5
28. Nxe5 Nxe5 29. dxe5 Qb6 30. b3 Rc7 31. c4 dxc4 32. bxc4 Qc5 33. Rd6 Re8 34.
Red1 Ree7 35. Bd3 f4 36. Bxg6 Kxg6 37. Qe4+ Kg7 38. R1d4 Rc6 39. Kh2 Rf7 40.
Rd8 Rcc7 41. Re8 Rce7 42. Rb8 Rf5 43. Rxb7 Rxb7 44. Qxb7+ Kg6 45. Qd7 Qxe5 46.
Qe8+ Rf7 47. Rd7 Qf6 48. c5 1-0

[Event "Col Ch "]
[Site "Ibague "]
[Date "2013.07.03"]
[Round "4.43"]
[White "Arango Arenas, Juan Camilo"]
[Black "Lopez Idarraga, Daniel Eduardo"]
[Result "1-0"]
[WhiteElo "1600"]
[BlackElo "2053"]
[PlyCount "65"]
[EventDate "2013.07.01"]
[EventType "swiss"]
[EventRounds "11"]
[EventCountry "COL"]
[SourceDate "2005.09.12"]

1. e4 b6 2. d4 Bb7 3. Nc3 e6 4. Bd3 Bb4 5. Qg4 Nf6 6. Qxg7 Rg8 7. Qh6 Nxe4 8.
Nge2 Qf6 9. Qe3 Qxf2+ 10. Qxf2 Nxf2 11. Kxf2 Rxg2+ 12. Kf1 Rxe2 13. Kxe2 Bxh1
14. Nb5 Na6 15. Bf4 Bc6 16. Rg1 Bf8 17. Rg8 Ke7 18. c3 d6 19. Rh8 h6 20. Rh7
Bxb5 21. Bxb5 Nb8 22. Bd3 Ke8 23. Rh8 Ke7 24. Rh7 Ke8 25. Rh8 Ke7 26. Bg3 Nd7
27. Bh4+ f6 28. Rh7+ Kd8 29. Bb5 Be7 30. Rh8+ Bf8 31. Bxf6+ Kc8 32. Ba6+ Kb8
33. Bg7 1-0

[Event "Col Ch "]
[Site "Ibague "]
[Date "2013.07.03"]
[Round "4.44"]
[White "Martinez, Mauricio"]
[Black "Valdeblanquez, Jeiner Jair"]
[Result "1/2-1/2"]
[WhiteElo "2010"]
[BlackElo "1765"]
[PlyCount "61"]
[EventDate "2013.07.01"]
[EventType "swiss"]
[EventRounds "11"]
[EventCountry "COL"]
[SourceDate "2005.09.12"]

1. e4 d5 2. exd5 Nf6 3. Nc3 Nxd5 4. Nxd5 Qxd5 5. Qf3 c6 6. Qxd5 cxd5 7. d4 Nc6
8. Bb5 g6 9. Nf3 Bg7 10. h3 O-O 11. c3 a6 12. Bxc6 bxc6 13. O-O a5 14. Re1 e6
15. Bf4 Ba6 16. a4 Ra7 17. b4 axb4 18. cxb4 Rfa8 19. Bd6 Bf8 20. Bxf8 Kxf8 21.
Rec1 Bb5 22. a5 Ke7 23. Nd2 Rb7 24. f4 Kd6 25. Kf2 Rab8 26. Rcb1 Ba6 27. Ra4
Bb5 28. Ra3 Ba6 29. Ra4 Bb5 30. Ra3 Ba6 31. Ra4 1/2-1/2

[Event "Col Ch "]
[Site "Ibague "]
[Date "2013.07.03"]
[Round "4.45"]
[White "Torres, Jorge Emilio"]
[Black "Rojas Barrero, Andres H"]
[Result "0-1"]
[WhiteElo "2000"]
[BlackElo "2201"]
[PlyCount "66"]
[EventDate "2013.07.01"]
[EventType "swiss"]
[EventRounds "11"]
[EventCountry "COL"]
[SourceDate "2005.09.12"]

1. d4 f5 2. Nf3 Nf6 3. e3 g6 4. b3 Bg7 5. Bb2 O-O 6. c4 d6 7. Be2 Qe8 8. Nc3 c6
9. Ba3 Qd8 10. O-O Qa5 11. Qc1 a6 12. Rb1 b5 13. b4 Qb6 14. Rd1 Kh8 15. c5 dxc5
16. bxc5 Qc7 17. Ne5 Be6 18. Bf3 Ra7 19. Qc2 g5 20. h3 Nd5 21. Nxd5 cxd5 22. c6
g4 23. hxg4 fxg4 24. Nxg4 Qxc6 25. Rbc1 Qe8 26. Qc5 Rd7 27. Ne5 Bxe5 28. dxe5
Rxf3 29. gxf3 Qh5 30. Qd4 Rd8 31. Qf4 Bh3 32. Bxe7 Rg8+ 33. Kh2 Bg4+ 0-1

[Event "Col Ch "]
[Site "Ibague "]
[Date "2013.07.03"]
[Round "4.46"]
[White "Hernandez, Oscar Eduardo"]
[Black "Castaneda, Jorge Luis"]
[Result "1-0"]
[WhiteElo "1970"]
[BlackElo "2199"]
[PlyCount "75"]
[EventDate "2013.07.01"]
[EventType "swiss"]
[EventRounds "11"]
[EventCountry "COL"]
[SourceDate "2005.09.12"]

1. e4 c6 2. d4 d5 3. Nc3 dxe4 4. Nxe4 Nd7 5. Nf3 Ndf6 6. Nxf6+ Nxf6 7. c3 Bg4
8. Be2 e6 9. Ne5 Bxe2 10. Qxe2 Be7 11. O-O O-O 12. Bg5 Qc7 13. Rad1 Rad8 14.
Rd3 Nd5 15. Bxe7 Qxe7 16. f4 g6 17. g3 c5 18. Rfd1 Qc7 19. dxc5 Qxc5+ 20. Qf2
Qxf2+ 21. Kxf2 b5 22. Nc6 Ra8 23. a4 a6 24. a5 Kg7 25. Rd4 Rfe8 26. Kf3 Rac8
27. Nb4 Nxb4 28. Rxb4 Red8 29. Rbd4 Rxd4 30. Rxd4 Rc6 31. Ke4 Kf8 32. Rd7 Rc4+
33. Ke5 b4 34. Kf6 Ke8 35. Rxf7 bxc3 36. bxc3 Rxc3 37. Ra7 Rc6 38. Rxh7 1-0

[Event "Col Ch "]
[Site "Ibague "]
[Date "2013.07.03"]
[Round "4.48"]
[White "Botello, Gregory Paul"]
[Black "Lotero, Faiber"]
[Result "0-1"]
[WhiteElo "1940"]
[BlackElo "2177"]
[PlyCount "52"]
[EventDate "2013.07.01"]
[EventType "swiss"]
[EventRounds "11"]
[EventCountry "COL"]
[SourceDate "2005.09.12"]

1. e4 d5 2. exd5 Nf6 3. d4 Nxd5 4. c4 Nb6 5. Nf3 g6 6. Be2 Bg7 7. h3 O-O 8. O-O
Nc6 9. Be3 e5 10. dxe5 Nxe5 11. Qb3 Nc6 12. Rd1 Qe7 13. Nc3 Be6 14. Nd5 Bxd5
15. cxd5 Ne5 16. Rac1 Rfd8 17. Rc2 Nxf3+ 18. Bxf3 Be5 19. Re2 Qf6 20. a4 Nd7
21. d6 Bxd6 22. Bxb7 Rab8 23. Bxa7 Re8 24. Rxe8+ Rxe8 25. Qf3 Qxb2 26. Bd4 Qxd4
0-1

[Event "Col Ch "]
[Site "Ibague "]
[Date "2013.07.03"]
[Round "4.51"]
[White "Agudelo, Carlos Hernan"]
[Black "Marin, Alejandro"]
[Result "1-0"]
[WhiteElo "2065"]
[BlackElo "1923"]
[PlyCount "47"]
[EventDate "2013.07.01"]
[EventType "swiss"]
[EventRounds "11"]
[EventCountry "COL"]
[SourceDate "2005.09.12"]

1. c3 Nf6 2. d4 d5 3. g3 g6 4. Bg2 Bg7 5. Nd2 O-O 6. f4 c5 7. e3 Bg4 8. Ne2 Qc7
9. h3 Be6 10. O-O h5 11. Kh2 Kh7 12. e4 dxe4 13. Nxe4 Nxe4 14. Bxe4 Nd7 15. d5
Nf6 16. Bxg6+ fxg6 17. dxe6 Rad8 18. Qe1 Nd5 19. Ng1 h4 20. Nf3 hxg3+ 21. Qxg3
Bh6 22. Ne5 Rf6 23. f5 gxf5 24. Bxh6 1-0

[Event "Col Ch "]
[Site "Ibague "]
[Date "2013.07.03"]
[Round "4.52"]
[White "Andrade Truyol, Geiner Jose"]
[Black "Ordonez Gonzalez, Gabriel"]
[Result "1-0"]
[WhiteElo "2045"]
[BlackElo "1909"]
[PlyCount "37"]
[EventDate "2013.07.01"]
[EventType "swiss"]
[EventRounds "11"]
[EventCountry "COL"]
[SourceDate "2005.09.12"]

1. d4 c5 2. Nf3 d5 3. e3 e6 4. b3 Nc6 5. Nbd2 Nf6 6. Bb2 a6 7. a3 Be7 8. Bd3
O-O 9. O-O b5 10. dxc5 Bxc5 11. Qe2 Re8 12. e4 dxe4 13. Nxe4 Nd4 14. Bxd4 Bxd4
15. Rad1 Qb6 16. Nxd4 Qxd4 17. Nd6 Qa7 18. Nxe8 Nxe8 19. Be4 1-0

[Event "Col Ch "]
[Site "Ibague "]
[Date "2013.07.03"]
[Round "4.53"]
[White "Conti, Julian"]
[Black "Torres, Jose Leonardo"]
[Result "1-0"]
[WhiteElo "2034"]
[BlackElo "1787"]
[PlyCount "61"]
[EventDate "2013.07.01"]
[EventType "swiss"]
[EventRounds "11"]
[EventCountry "COL"]
[SourceDate "2005.09.12"]

1. e4 c5 2. Nf3 d6 3. d4 cxd4 4. Nxd4 Nf6 5. Nc3 g6 6. Be3 Bg7 7. f3 O-O 8. Bc4
Nc6 9. Bb3 Bd7 10. Qd2 a6 11. g4 Na5 12. h4 h5 13. gxh5 Nxh5 14. O-O-O b5 15.
Rdg1 Nc4 16. Bxc4 bxc4 17. Bh6 Rb8 18. Bxg7 Kxg7 19. Rg5 Qb6 20. Nd1 Rh8 21. c3
a5 22. Ne3 Qa6 23. f4 Kf8 24. f5 Nf4 25. fxg6 Nd3+ 26. Qxd3 cxd3 27. g7+ Kg8
28. gxh8=Q+ Kxh8 29. Rh5+ Kg7 30. Rg1+ Kf6 31. Nd5# 1-0

[Event "Col Ch "]
[Site "Ibague "]
[Date "2013.07.03"]
[Round "4.54"]
[White "Moreno, Julian David"]
[Black "Bejarano, Dany Andres"]
[Result "0-1"]
[WhiteElo "1869"]
[BlackElo "2020"]
[PlyCount "78"]
[EventDate "2013.07.01"]
[EventType "swiss"]
[EventRounds "11"]
[EventCountry "COL"]
[SourceDate "2005.09.12"]

1. e4 e6 2. d4 d5 3. Bd3 Bd7 4. Nc3 dxe4 5. Nxe4 Bc6 6. Nf3 Nd7 7. O-O Ngf6 8.
Nxf6+ Nxf6 9. c3 Bd6 10. Ne5 Bxe5 11. dxe5 Qd5 12. f3 Qxe5 13. Re1 Qh5 14. Qc2
O-O 15. Bf4 Qc5+ 16. Be3 Qe7 17. Bg5 h6 18. Bh4 Qc5+ 19. Bf2 Qg5 20. Be3 Qh5
21. Bf4 Nd5 22. Bg3 Qg5 23. Qf2 Qf6 24. Bh4 g5 25. Bg3 Nf4 26. Bb1 Rad8 27. Qc2
Ng6 28. b4 Rd7 29. Be5 Qe7 30. h4 Rfd8 31. Bd4 Rxd4 32. cxd4 Qxb4 33. Rd1 Rxd4
34. Qb3 Qc5 35. Kf1 Nf4 36. Rxd4 Qxd4 37. Bh7+ Kxh7 38. Rd1 Bb5+ 39. Ke1 Nxg2#
0-1

[Event "Col Ch "]
[Site "Ibague "]
[Date "2013.07.03"]
[Round "4.55"]
[White "Lora, Joel Fernando"]
[Black "Aponte, Juan Camilo"]
[Result "1-0"]
[WhiteElo "2151"]
[BlackElo "1909"]
[PlyCount "71"]
[EventDate "2013.07.01"]
[EventType "swiss"]
[EventRounds "11"]
[EventCountry "COL"]
[SourceDate "2005.09.12"]

1. c4 e5 2. Nc3 g6 3. Nf3 Bg7 4. d4 exd4 5. Nxd4 Ne7 6. g3 d6 7. Bg2 O-O 8. O-O
Nbc6 9. Nxc6 Nxc6 10. Qd2 Be6 11. b3 Qd7 12. Bb2 Bh3 13. Nd5 Bxg2 14. Kxg2 f6
15. Qf4 Ne5 16. Rad1 c6 17. Nc3 Rfd8 18. Ne4 Qe6 19. Nc3 Rd7 20. h3 Rad8 21.
Qe3 b6 22. f4 Bh6 23. Qf2 Nf7 24. e4 Bg7 25. Rfe1 g5 26. Qf3 Kh8 27. Ne2 c5 28.
Nc3 a6 29. Nd5 gxf4 30. gxf4 f5 31. Bxg7+ Kxg7 32. Nxb6 Re7 33. exf5 Qf6 34.
Rxe7 Qxe7 35. Nd5 Qd7 36. Qg3+ 1-0

[Event "Col Ch "]
[Site "Ibague "]
[Date "2013.07.03"]
[Round "4.56"]
[White "Carrillo, Custodio"]
[Black "Suarez, Luis Humberto"]
[Result "0-1"]
[WhiteElo "1886"]
[BlackElo "2110"]
[PlyCount "112"]
[EventDate "2013.07.01"]
[EventType "swiss"]
[EventRounds "11"]
[EventCountry "COL"]
[SourceDate "2005.09.12"]

1. d4 Nf6 2. Nf3 e6 3. Bf4 c5 4. e3 d5 5. c3 Nc6 6. Nbd2 a6 7. Bd3 Bd6 8. Ne5
Qc7 9. Ndf3 Ne4 10. Qc2 f5 11. Rc1 c4 12. Be2 O-O 13. O-O g5 14. Nxg5 Nxg5 15.
Bxg5 Nxe5 16. dxe5 Bxe5 17. g3 Qg7 18. Bf4 Bf6 19. Bd6 Rd8 20. Bc5 Qc7 21. Ba3
Kh8 22. Bf3 Rg8 23. Kh1 b5 24. b3 Bd7 25. bxc4 Qxc4 26. Be2 Qc7 27. Qb3 Rac8
28. Bb2 Bg7 29. Rfd1 Bc6 30. Kg1 Qf7 31. Qb4 Bf6 32. Qa5 Ra8 33. Qb6 Rgc8 34.
Rd2 Kg8 35. a4 Be8 36. axb5 axb5 37. Ra1 Rcb8 38. Qd6 Rxa1+ 39. Bxa1 Ra8 40.
Bb2 Qd7 41. Qb6 Qc6 42. Qxc6 Bxc6 43. Bd1 b4 44. Rc2 Ba4 45. Rc1 Bxd1 46. Rxd1
bxc3 47. Bc1 Ra1 48. Kg2 c2 49. Rf1 Bc3 50. f3 e5 51. Kf2 e4 52. fxe4 dxe4 53.
Ke2 h5 54. Rg1 Bb4 55. Rf1 Bc3 56. Rg1 Kf7 0-1

[Event "Col Ch "]
[Site "Ibague "]
[Date "2013.07.03"]
[Round "4.57"]
[White "Pelaez, Hernan"]
[Black "Gaviria, Andres Felipe"]
[Result "0-1"]
[WhiteElo "1867"]
[BlackElo "2077"]
[PlyCount "70"]
[EventDate "2013.07.01"]
[EventType "swiss"]
[EventRounds "11"]
[EventCountry "COL"]
[SourceDate "2005.09.12"]

1. c4 e5 2. Nc3 Nf6 3. Nf3 Nc6 4. g3 d5 5. cxd5 Nxd5 6. Bg2 Nb6 7. d3 Be7 8.
Bd2 O-O 9. O-O Re8 10. Rc1 Bf8 11. Qb3 Be6 12. Qc2 Nd4 13. Nxd4 exd4 14. Ne4 c6
15. b4 Rc8 16. a4 Nd5 17. Qb2 Nc7 18. Nc5 Bxc5 19. bxc5 Bd5 20. Bh3 Rxe2 21.
Bg4 Qe8 22. Rfe1 Rxe1+ 23. Rxe1 Ne6 24. Bf4 Qd7 25. Be5 f6 26. Bxd4 Qf7 27. Be3
Re8 28. Rb1 Re7 29. a5 a6 30. Qb6 f5 31. Bh3 Qh5 32. Bg2 Bxg2 33. Kxg2 f4 34.
gxf4 Qg4+ 35. Kf1 Nxf4 0-1

[Event "Col Ch "]
[Site "Ibague "]
[Date "2013.07.03"]
[Round "4.58"]
[White "Cadavid, Juan Miguel"]
[Black "Uribe Sanchez, Alejandro"]
[Result "1/2-1/2"]
[WhiteElo "1862"]
[BlackElo "2058"]
[PlyCount "57"]
[EventDate "2013.07.01"]
[EventType "swiss"]
[EventRounds "11"]
[EventCountry "COL"]
[SourceDate "2005.09.12"]

1. e4 e6 2. d4 d5 3. Nc3 Bb4 4. e5 c5 5. a3 Bxc3+ 6. bxc3 Ne7 7. Qg4 Qc7 8.
Qxg7 Rg8 9. Qxh7 cxd4 10. Ne2 Nbc6 11. f4 dxc3 12. h4 Bd7 13. h5 O-O-O 14. Qd3
Nf5 15. h6 Rg6 16. h7 Rh8 17. Be3 Nxe3 18. Qxe3 Rg7 19. Rb1 Rgxh7 20. Rxh7 Rxh7
21. Nd4 a6 22. Rb3 Rh1 23. Kf2 Qd8 24. Rxc3 Qh4+ 25. g3 Qh2+ 26. Ke1 Kd8 27.
Nxc6+ Bxc6 28. Rxc6 bxc6 29. Qb6+ 1/2-1/2

[Event "Col Ch "]
[Site "Ibague "]
[Date "2013.07.03"]
[Round "4.59"]
[White "Corpus Vanegas, Eugenio Miguel"]
[Black "Torres, Jaime Alberto"]
[Result "1-0"]
[WhiteElo "1848"]
[BlackElo "2052"]
[PlyCount "25"]
[EventDate "2013.07.01"]
[EventType "swiss"]
[EventRounds "11"]
[EventCountry "COL"]
[SourceDate "2005.09.12"]

1. e4 c5 2. Nf3 Nc6 3. d4 cxd4 4. Nxd4 e5 5. Nb3 Nf6 6. Nc3 Be7 7. Bg5 Nxe4 8.
Nxe4 Bxg5 9. Nd6+ Kf8 10. Bc4 g6 11. Nxf7 Qf6 12. Nxh8 Qxh8 13. Qf3+ 1-0

[Event "Col Ch "]
[Site "Ibague "]
[Date "2013.07.03"]
[Round "4.60"]
[White "Dominguez Rincon, Miller"]
[Black "Torres, Augusto"]
[Result "1-0"]
[WhiteElo "2035"]
[BlackElo "1812"]
[PlyCount "51"]
[EventDate "2013.07.01"]
[EventType "swiss"]
[EventRounds "11"]
[EventCountry "COL"]
[SourceDate "2005.09.12"]

1. e4 Nf6 2. e5 Nd5 3. c4 Nb6 4. d4 e6 5. Be3 d6 6. exd6 cxd6 7. Nf3 Be7 8. Bd3
O-O 9. Nc3 Nc6 10. Rc1 Nb4 11. Be2 d5 12. a3 Nc6 13. c5 Nd7 14. b4 a6 15. O-O
Nf6 16. Na4 Bd7 17. Nb6 Ra7 18. Bd3 Nb8 19. Bb1 Bc6 20. Qc2 Nbd7 21. Ne5 Nxb6
22. cxb6 Qxb6 23. Bg5 g6 24. Nxc6 bxc6 25. Qxc6 Qxd4 26. Be3 1-0

[Event "Col Ch "]
[Site "Ibague "]
[Date "2013.07.03"]
[Round "4.61"]
[White "Huertas Botache, Alvaro Eduard"]
[Black "Rico, Oswaldo"]
[Result "1/2-1/2"]
[WhiteElo "1833"]
[BlackElo "2022"]
[PlyCount "59"]
[EventDate "2013.07.01"]
[EventType "swiss"]
[EventRounds "11"]
[EventCountry "COL"]
[SourceDate "2005.09.12"]

1. e4 e6 2. d4 d5 3. exd5 exd5 4. Bd3 Bd6 5. Nf3 Nf6 6. Bg5 Bg4 7. h3 Bh5 8.
Nbd2 Nbd7 9. c3 c6 10. O-O O-O 11. Re1 Qc7 12. Qc2 h6 13. Bxf6 Nxf6 14. g4 Bg6
15. Bxg6 fxg6 16. Qxg6 Nh7 17. Re6 Rf6 18. Rxf6 Nxf6 19. Re1 Bf4 20. Re2 Rf8
21. Ne5 Bxd2 22. Rxd2 Ne4 23. Re2 Qe7 24. f3 Qh4 25. Qe6+ Kh7 26. fxe4 Qg3+ 27.
Rg2 Qe1+ 28. Kh2 Rf1 29. Qg6+ (29. Qf5+ Rxf5 30. exf5 Qe3) 29... Kg8 30. Qe8+
1/2-1/2

[Event "Col Ch "]
[Site "Ibague "]
[Date "2013.07.03"]
[Round "4.62"]
[White "Barros, Raul"]
[Black "Otero Fajardo, Alvaro Antonio"]
[Result "1-0"]
[WhiteElo "2019"]
[BlackElo "1794"]
[PlyCount "65"]
[EventDate "2013.07.01"]
[EventType "swiss"]
[EventRounds "11"]
[EventCountry "COL"]
[SourceDate "2005.09.12"]

1. e4 c5 2. Nf3 d6 3. d4 cxd4 4. Nxd4 Nf6 5. Nc3 e6 6. Be2 Be7 7. O-O a6 8. Kh1
O-O 9. f4 Qc7 10. Bf3 Bd7 11. Be3 Nc6 12. Qe1 Rac8 13. Rd1 b5 14. a3 Na5 15.
Qg3 Nc4 16. Bc1 Nxa3 17. e5 Ne8 18. Nd5 exd5 19. bxa3 dxe5 20. fxe5 Be6 21. Be2
Qd8 22. Bd3 g6 23. Nxe6 fxe6 24. Bxg6 hxg6 25. Qxg6+ Ng7 26. Bh6 Rxf1+ 27. Rxf1
Bf8 28. Bxg7 Bxg7 29. Rf7 Qf8 30. Rxf8+ Rxf8 31. Qxe6+ Kh7 32. g3 d4 33. Kg2
1-0

[Event "Col Ch "]
[Site "Ibague "]
[Date "2013.07.03"]
[Round "4.63"]
[White "Cuervo, Alexander"]
[Black "Arias, Juan Diego"]
[Result "0-1"]
[WhiteElo "1801"]
[BlackElo "2016"]
[PlyCount "102"]
[EventDate "2013.07.01"]
[EventType "swiss"]
[EventRounds "11"]
[EventCountry "COL"]
[SourceDate "2005.09.12"]

1. e4 e6 2. d4 d5 3. exd5 exd5 4. Nf3 Bd6 5. Bd3 Ne7 6. O-O Bg4 7. h3 Bh5 8.
Be3 Nbc6 9. Nbd2 f5 10. Nb3 Qd7 11. Be2 O-O-O 12. Rc1 h6 13. c4 f4 14. Bd2 dxc4
15. Rxc4 Nf5 16. d5 Nce7 17. Bxf4 Bxf4 18. Rxf4 Nxd5 19. Rc4 Qe7 20. Qc2 Nd6
21. Rc5 Nf4 22. Re5 Qf6 23. Rc1 Rd7 24. Nbd4 Rf8 25. Bf1 g5 26. Qa4 a6 27. Bxa6
Bxf3 28. Bb5 Nxh3+ 29. gxh3 c6 30. Qa8+ Kc7 31. Qxf8 Qxe5 32. Qxf3 Nxb5 33.
Nxb5+ Qxb5 34. b3 Rd3 35. Qh5 Qf5 36. Qg4 Qa5 37. Rc2 Qe1+ 38. Kh2 Qe5+ 39. Kg2
Rd6 40. Re2 Qd5+ 41. Kh2 Rd7 42. Qg3+ Kb6 43. b4 Qd4 44. Re3 Qa1 45. Re2 Rd1
46. Qe3+ Qd4 47. Qa3 Qd5 48. Qe3+ Kb5 49. f3 Qd4 50. a4+ Kxb4 51. Qe7+ Qd6+ 0-1

[Event "Col Ch "]
[Site "Ibague "]
[Date "2013.07.03"]
[Round "4.64"]
[White "Cuevas Sanchez, Bramdon Daniel"]
[Black "Manrique, Fernando"]
[Result "0-1"]
[WhiteElo "1769"]
[BlackElo "1991"]
[PlyCount "68"]
[EventDate "2013.07.01"]
[EventType "swiss"]
[EventRounds "11"]
[EventCountry "COL"]
[SourceDate "2005.09.12"]

1. e4 e5 2. Nf3 Nc6 3. Nc3 Nf6 4. Bb5 Bc5 5. d3 d6 6. Be3 Bb6 7. h3 O-O 8. Bg5
h6 9. Bh4 Nd4 10. Nxd4 Bxd4 11. Qd2 c6 12. Bc4 b5 13. Bb3 a5 14. a3 Be6 15. O-O
Bxb3 16. cxb3 g5 17. Bg3 Nh5 18. Kh2 f5 19. exf5 Rxf5 20. Ne2 Bb6 21. Qc2 Qd7
22. Rac1 Rc8 23. a4 b4 24. d4 exd4 25. Qc4+ d5 26. Qa6 Bc7 27. Nxd4 Nxg3 28.
fxg3 Bxg3+ 29. Kxg3 Qd6+ 30. Kg4 Rf4+ 31. Rxf4 Qxf4+ 32. Kh5 Rc7 33. Qa8+ Kh7
34. g4 Qf7# 0-1

[Event "Col Ch "]
[Site "Ibague "]
[Date "2013.07.03"]
[Round "4.65"]
[White "Ribero, Guillermo Andres"]
[Black "Acosta Cubides, Jorian Jared"]
[Result "1/2-1/2"]
[WhiteElo "1761"]
[BlackElo "1971"]
[PlyCount "63"]
[EventDate "2013.07.01"]
[EventType "swiss"]
[EventRounds "11"]
[EventCountry "COL"]
[SourceDate "2005.09.12"]

1. e4 c5 2. Nf3 d6 3. d4 cxd4 4. Nxd4 Nf6 5. Nc3 Nc6 6. f3 e6 7. Be3 Be7 8. Qd2
O-O 9. O-O-O a6 10. g4 Nxd4 11. Qxd4 Nd7 12. h4 b5 13. Kb1 Bb7 14. h5 Rc8 15.
g5 Ne5 16. Be2 Qa5 17. Rdg1 Nc4 18. Bc1 Na3+ 19. bxa3 Qxc3 20. Qxc3 Rxc3 21.
Bd3 e5 22. Bb2 Rc5 23. Rh3 g6 24. hxg6 fxg6 25. Rgg3 Bc8 26. Rh1 Be6 27. Re1
Rf4 28. a4 Bc4 29. axb5 Bxb5 30. Re3 Rh4 31. Ba3 Rc6 32. Bxb5 1/2-1/2

[Event "Col Ch "]
[Site "Ibague "]
[Date "2013.07.03"]
[Round "4.68"]
[White "Bravo, Juan Eduardo"]
[Black "Restrepo, Jose Daniel"]
[Result "1-0"]
[WhiteElo "1726"]
[BlackElo "1944"]
[PlyCount "87"]
[EventDate "2013.07.01"]
[EventType "swiss"]
[EventRounds "11"]
[EventCountry "COL"]
[SourceDate "2005.09.12"]

1. e4 e5 2. Nf3 Nc6 3. Bb5 a6 4. Ba4 Nf6 5. O-O Be7 6. Re1 b5 7. Bb3 O-O 8. a4
b4 9. d4 d6 10. h3 Re8 11. Ng5 Rf8 12. Nf3 h6 13. c3 bxc3 14. bxc3 Bb7 15. Nbd2
exd4 16. cxd4 Nd7 17. Nf1 Bf6 18. Bc2 Nb4 19. Bb1 c5 20. Bb2 Re8 21. Ng3 Qc7
22. Nh5 Be7 23. Nh2 Nf6 24. e5 dxe5 25. dxe5 Rad8 26. Qe2 Nxh5 27. Qxh5 Nd3 28.
Bxd3 Rxd3 29. e6 Rf8 30. Qg4 f6 31. Qf5 Qc6 32. f3 Qd5 33. Qg6 Qg5 34. Qxd3 Rd8
35. Qb3 Rd2 36. Ng4 Bd5 37. Qc3 h5 38. h4 Qf4 39. Bc1 Qd4+ 40. Qxd4 Rxd4 41.
Nf2 Rxh4 42. Bd2 c4 43. Bc3 Rf4 44. Rab1 1-0

[Event "Col Ch "]
[Site "Ibague "]
[Date "2013.07.03"]
[Round "4.69"]
[White "Ospina Ortiz, Oscar Alexander"]
[Black "Ortiz, Jairo"]
[Result "0-1"]
[WhiteElo "1943"]
[BlackElo "1725"]
[PlyCount "96"]
[EventDate "2013.07.01"]
[EventType "swiss"]
[EventRounds "11"]
[EventCountry "COL"]
[SourceDate "2005.09.12"]

1. d4 Nf6 2. c4 e6 3. Nc3 d5 4. Nf3 Be7 5. Bg5 O-O 6. e3 Nbd7 7. cxd5 exd5 8.
Bd3 c6 9. O-O Re8 10. Rc1 Nf8 11. Re1 Bg4 12. h3 Bh5 13. a3 Bg6 14. Na4 Ne6 15.
Bh4 Qa5 16. b4 Qd8 17. Ne5 Bxd3 18. Qxd3 Nd7 19. Bxe7 Nxe5 20. Qf5 Rxe7 21.
Qxe5 Qe8 22. Nc3 f6 23. Qg3 Nxd4 24. Red1 Nf5 25. Qf4 Qg6 26. e4 dxe4 27. Nxe4
h5 28. Nc5 Rae8 29. Kf1 Nh6 30. Rd3 Qf5 31. Qc4+ Kh7 32. Rcd1 Re2 33. Rf3 Qe5
34. Qd3+ Kh8 35. Kg1 b6 36. Nb3 Re1+ 37. Rxe1 Qxe1+ 38. Kh2 Qe5+ 39. g3 Qe2 40.
Qc3 Qf1 41. Nd2 Qd1 42. Qxc6 Re1 43. Rd3 h4 44. g4 Re2 45. Qf3 Qe1 46. Rd8+ Kh7
47. Kg2 Rxd2 48. Ra8 Rd1 0-1

[Event "Col Ch "]
[Site "Ibague "]
[Date "2013.07.03"]
[Round "4.70"]
[White "Jaramillo, Carlos Orlando"]
[Black "Rosero, Hugo Alberto"]
[Result "1-0"]
[WhiteElo "1930"]
[BlackElo "1664"]
[PlyCount "57"]
[EventDate "2013.07.01"]
[EventType "swiss"]
[EventRounds "11"]
[EventCountry "COL"]
[SourceDate "2005.09.12"]

1. b4 e5 2. Bb2 d6 3. e3 Nf6 4. c4 Nbd7 5. Nf3 b6 6. d4 e4 7. Nfd2 g6 8. Nc3
Qe7 9. Qc2 Bb7 10. d5 Bg7 11. Ncxe4 O-O 12. Nxf6+ Nxf6 13. Be2 Rfe8 14. O-O Bc8
15. Bd3 a5 16. a3 Ng4 17. Bxg7 Kxg7 18. Qc3+ Kg8 19. Nf3 Nf6 20. Rfe1 Ne4 21.
Qc2 Bf5 22. Nd4 Qf6 23. f3 Ng5 24. Bxf5 gxf5 25. Qxf5 Qg7 26. h4 Re5 27. Qd7
axb4 28. axb4 Nxf3+ 29. Nxf3 1-0

[Event "Col Ch "]
[Site "Ibague "]
[Date "2013.07.03"]
[Round "4.71"]
[White "Sanchez Lopez, Luis Antonio"]
[Black "Latorre, Franklin Leandro"]
[Result "0-1"]
[WhiteElo "1642"]
[BlackElo "1927"]
[PlyCount "82"]
[EventDate "2013.07.01"]
[EventType "swiss"]
[EventRounds "11"]
[EventCountry "COL"]
[SourceDate "2005.09.12"]

1. e4 c6 2. d4 d5 3. Nc3 dxe4 4. Nxe4 Bf5 5. Bd3 Qxd4 6. Nf3 Qd8 7. Qe2 Bxe4 8.
Bxe4 Nf6 9. Bd3 e6 10. O-O Be7 11. Bf4 Nbd7 12. Rad1 Qb6 13. c3 O-O 14. Bg5
Rfe8 15. Kh1 h6 16. Bh4 Nd5 17. Bg3 Qa5 18. Bb1 Rad8 19. Nd4 Bf6 20. Qe4 Nf8
21. Nf3 Ne7 22. Be5 Bxe5 23. Nxe5 Rd5 24. Ng4 Rxd1 25. Rxd1 f5 26. Nxh6+ gxh6
27. Qh4 Kh7 $2 (27... Kg7 $8) 28. Qf6 Kg8 29. Rd3 Neg6 30. Rg3 Qc7 31. h4 Qf7
32. Qd4 Kh7 33. Rf3 Qd7 34. Qf6 Qg7 35. Qxg7+ Kxg7 36. a4 Rd8 37. Rd3 Rxd3 38.
Bxd3 Nxh4 39. b4 Kf6 40. c4 Nd7 41. Kh2 Ng6 0-1

[Event "Col Ch "]
[Site "Ibague "]
[Date "2013.07.03"]
[Round "4.72"]
[White "Olarte Parra, Jhoan Sebastian"]
[Black "Rodriguez, German Andres"]
[Result "1-0"]
[WhiteElo "1924"]
[BlackElo "1615"]
[PlyCount "49"]
[EventDate "2013.07.01"]
[EventType "swiss"]
[EventRounds "11"]
[EventCountry "COL"]
[SourceDate "2005.09.12"]

1. e4 c5 2. Nf3 Nc6 3. c4 d6 4. Nc3 e6 5. d4 cxd4 6. Nxd4 a6 7. Be3 Nf6 8. Be2
Be7 9. O-O O-O 10. Rc1 Bd7 11. Nc2 Rc8 12. f4 Na5 13. Na3 Nc6 14. g4 h6 15.
Nab1 Na5 16. Nd2 Nc6 17. h4 Nxg4 18. Bxg4 Bxh4 19. Nf3 f5 20. exf5 exf5 21. Bh3
Re8 22. Nd5 Nb4 23. Bb6 Nxd5 24. Qxd5+ Be6 25. Bxd8 1-0